Préface au conclave / (Record no. 166181)

MARC details
000 -LEADER
campo de control de longitud fija 00765nam a22002295i 4500
001 - NÚMERO DE CONTROL
campo de control 166181
003 - IDENTIFICADOR DE NÚMERO DE CONTROL
campo de control ES-MaACL
005 - FECHA Y HORA DE LA ÚLTIMA TRANSACCIÓN
campo de control 20250729085707.0
008 - DATOS DE LONGITUD FIJA--INFORMACIÓN GENERAL
campo de control de longitud fija 990426s1877 fr |||| | fre d
040 ## - FUENTE DE CATALOGACIÓN
Centro catalogador/agencia de origen M-RACM
Lengua de catalogación spa
Centro/agencia transcriptor M-RACM
Centro/agencia modificador CCPB | B
100 1# - ENTRADA PRINCIPAL--NOMBRE DE PERSONA
Nombre de persona Teste, Louis (
Fechas asociadas al nombre 1844-1926)
9 (RLIN) 224347
245 10 - MENCIÓN DEL TÍTULO
Título Préface au conclave /
Mención de responsabilidad, etc. par Louis Teste.
260 ## - PUBLICACIÓN, DISTRIBUCIÓN, ETC.
Lugar de publicación, distribución, etc. Paris :
Nombre del editor, distribuidor, etc. Librairie de Emile Vaton,
Fecha de publicación, distribución, etc. [s.a.] (
Fabricante Typographie Lahure)
300 ## - DESCRIPCIÓN FÍSICA
Extensión 393, [2] p. ;
Dimensiones 19 cm.
596 #1 - NOTA AL PIE DE IMPRENTA
NOTA AL PIE DE IMPRENTA Texto fechado en p. 1, en París a 15 de febrero de 1877.
596 #1 - NOTA AL PIE DE IMPRENTA
NOTA AL PIE DE IMPRENTA Datos del impresor tomados de v. de antep.
597 #1 - NOTA DE DESCRIPCIÓN FÍSICA
NOTA DE DESCRIPCIÓN FÍSICA Antep.
650 #7 - PUNTO DE ACCESO ADICIONAL DE MATERIA--TÉRMINO DE MATERIA
Término de materia o nombre geográfico como elemento de entrada Obispos
Fuente del encabezamiento o término embne
9 (RLIN) 15655
752 ## - ENTRADA AGREGADA--NOMBRE JERÁRQUICO DEL LUGAR
País o entidad superior Francia -
Ciudad París
852 ## - LOCALIZACIÓN
Ubicación ES-MaACL
Número de control de estantería D-4740
Nota libre -- Rúst.
Holdings
Estatus retirado Estado de pérdida Estado de daño No para préstamo Biblioteca de origen Biblioteca actual Ubicación en estantería Fecha de adquisición Fuente de adquisición Total de préstamos Signatura topográfica completa Código de barras Visto por última vez Precio de reemplazo Tipo de ítem Koha
        Biblioteca del Ateneo de Madrid Biblioteca del Ateneo de Madrid Sala Valle Inclán 17/01/2008     D-4740 901174280 23/02/2023 23/02/2023 Libro impreso